RICS Valuation Global Standards: (Record no. 122225)
[ view plain ]
| 000 -LEADER | |
|---|---|
| fixed length control field | 01122nam a2200241 4500 |
| 005 - DATE AND TIME OF LATEST TRANSACTION | |
| control field | 20251124115554.0 |
| 008 - FIXED-LENGTH DATA ELEMENTS--GENERAL INFORMATION | |
| fixed length control field | 251124t2025 ||||| |||| 00| 0 eng d |
| 020 ## - INTERNATIONAL STANDARD BOOK NUMBER | |
| ISBN | 9781783215546 |
| 041 ## - LANGUAGE CODE | |
| Language code of text/sound track or separate title | eng |
| 110 ## - MAIN ENTRY--CORPORATE NAME | |
| Corporate author | Royal Institution of Chartered Surveyors |
| 245 ## - TITLE STATEMENT | |
| Title | RICS Valuation Global Standards: |
| Subtitle | Australia National Supplement |
| 260 ## - PUBLICATION INFORMATION | |
| Place of publication | London, |
| Publisher | RICS, |
| Date | 2025 |
| 490 ## - SERIES TITLE | |
| Series statement | RICS Practice Information |
| 490 ## - SERIES TITLE | |
| Series statement | RICS Red Book |
| 500 ## - GENERAL NOTE | |
| General note | Supersedes 2017 supplement ISBN 9781783213665 |
| 520 ## - ABSTRACT | |
| Abstract | The Australia national supplement augments the Global Red Book for valuations valuations that are subject to Australian jurisdiction. Part 1. Introduction, part 2 valuation standards part 3 specific standards - VPGAs which apply in Australia. Effective from 6 November 2025 |
| 650 ## - KEYWORDS | |
| Keywords | Red Book |
| 650 ## - KEYWORDS | |
| Keywords | Global Valuation Standards 2025 |
| 651 ## - SUBJECT ADDED ENTRY--GEOGRAPHIC NAME | |
| Geographic name | Australia |
| 690 ## - BROAD SUBJECT | |
| 9 (RLIN) | 6273 |
| Broad subject | Valuation |
| 856 ## - ONLINE RESOURCE | |
| Uniform Resource Identifier | <a href="https://www.rics.org/content/dam/ricsglobal/documents/standards/RICS-Valuation_Global-Standards-Australia-national-supplement_Final.pdf">https://www.rics.org/content/dam/ricsglobal/documents/standards/RICS-Valuation_Global-Standards-Australia-national-supplement_Final.pdf</a> |
| Public note | Available on RICS.org |
| 942 ## - ADDED ENTRY ELEMENTS (KOHA) | |
| Suppress in OPAC | Do not suppress in OPAC |
| Lost status | Damaged status | Not for loan | Home library | Current library | Shelving location | Date acquired | Total Checkouts | Date last seen | Price effective from | Koha item type |
|---|---|---|---|---|---|---|---|---|---|---|
| Virtual | Virtual | Online | 24/11/2025 | 24/11/2025 | 24/11/2025 | Online material |